| 000 | 00842cpcaa22002537a 4500 | ||
|---|---|---|---|
| 001 | mm 80002119 | ||
| 003 | DLC | ||
| 005 | 20260227111659.0 | ||
| 008 | 800121|||||||||||| eng | ||
| 010 | _amm 80002119 | ||
| 040 |
_aDLC _cDLC _edacs _dDLC |
||
| 072 | 7 |
_aL _2lcmd |
|
| 100 | 1 |
_aWeir, Robert Walter, _d1803-1889. |
|
| 245 | 0 | 0 |
_aRobert Walter Weir correspondence, _f1858 February 2. |
| 300 |
_a1 _fitem. |
||
| 506 | 0 | _aOpen to research. | |
| 533 |
_aHandwritten transcript. _b[S.l.]. |
||
| 545 | 0 | _aArtist and educator. | |
| 546 | _aCollection material in English. | ||
| 580 | _aForms part of: Miscellaneous Manuscripts collection. | ||
| 656 | 7 |
_aArtists. _2itoamc |
|
| 656 | 7 |
_aEducators. _2itoamc |
|
| 999 |
_c42485 _d42485 |
||